Analysis and optimization of stochastic systems

Salvato in:
Dettagli Bibliografici
Autori principali: Jacobs, Oliver Louis Robert (Autore), Davis, M. H. A (Autore), Dempster, M. A.. H (Autore), Harris, C. J (Autore), Parks, P. C (Autore)
Natura: Libro
Lingua:inglese
Pubblicazione: Londres Academic Press 1980
Serie:The Institute of Mathematics and its Applications Conference Series
Soggetti:
Tags: Aggiungi Tag
Nessun Tag, puoi essere il primo ad aggiungerne!!

MARC

LEADER 00000nam a2200000 a 4500
001 UCP1365
003 CL-VaPUC
008 990409e19800000UK |||||||||||||||||eng|d
082 0 4 |a 519.2  |b JAC  |2 21 
100 0 |a Jacobs, Oliver Louis Robert  |e author  |9 427369 
700 0 |a Davis, M. H. A  |e author  |9 427370 
700 0 |a Dempster, M. A.. H  |e author  |9 427371 
700 0 |a Harris, C. J  |e author  |9 427372 
700 0 |a Parks, P. C  |e author  |9 427373 
245 1 0 |a Analysis and optimization of stochastic systems 
300 |a 573 p 
942 |c BK 
945 |d 19990409 00:00:00  |a crobeson 
260 |a Londres  |b Academic Press  |c 1980 
650 0 |a Procesos estocásticos   |9 260364 
650 0 |a Análisis de sistemas   |9 260059 
650 0 |a Optimización matemática  |9 259780 
650 0 |a Algoritmos   |9 260639 
583 |a last modification  |c 19990409 00:00:00  |k Rodrigo Vera 
490 0 |a The Institute of Mathematics and its Applications Conference Series 
999 |c 280047  |d 280045 
952 |0 0  |1 0  |4 0  |6 519_200000000000000_JAC_1980  |7 0  |8 A  |9 320034  |a BIBGIM  |b BIBGIM  |d 2019-11-20  |i 1340018  |o 519.2 JAC 1980  |p 1340018  |r 2025-01-15  |w 2019-11-20  |y BK  |k EST